000 01204nam a2200301 i 4500
001 186304
003 ES-MaACL
005 20251114131554.0
008 161005s2016 sp c |||| |dglg d
020 _a978-84-608-7215-3
080 _a821.134.4-82"19"
080 _a929 Filgueira Valverde, José
100 1 _aFilgueira Valverde, José,
_d1906-1996
_950833
245 1 0 _aXoxé F. Filgueira Valverde
_b: artigos en "El correo gallego" e "La noche" /
_c[José F. Filgueira Valverde] ; edición de Luís Alonso Girgado, Laura Mariño Taibo, Laura Piñeiro Pais, Nuria Rouco Aneiros.
250 _a1ª ed.
260 _aSantiago de Compostela :
_bFollas Novas,
_c2016.
300 _a264 p. :
_b1 retr. ;
_c24 cm.
490 1 _aColección Fonseca.
_aFilología ;
_v10
500 _aCronología.
600 1 7 _aFilgueira Valverde, José,
_d1906-1996
_2embne
_950833
700 1 _aAlonso Girgado, Luis,
_d1946-
_920332
700 1 _aMariño Taibo, Laura.
_9161061
700 1 _aPiñeiro Pais, Laura.
_9160858
830 0 _aColección Fonseca. Filología
_v10
_9191758
852 _aES-MaACL
_jA-13946
_9193359
_bR.151274
_cDEPO1
_dOlim: N-6946
942 _2udc
999 _c186304
_d186304